| 000 | 00969nam a2200265 a 4500 | ||
|---|---|---|---|
| 001 | 000014708 | ||
| 005 | 20240412074241.0 | ||
| 008 | 100119s2009 dr 000 p spa d | ||
| 020 | _a9789945002461 | ||
| 040 |
_aDO-SdBNP _bspa _cBNPHU |
||
| 082 |
_aRD861.44 _bG633f, 2009 |
||
| 100 | 1 |
_aGómez Rosa, Alexis, _d1950- _923501 |
|
| 245 | 1 | 0 |
_aFerryboat de una noche invertebrada / _cAlexis Gómez Rosa ; corrección Manuel García Cartagena. |
| 250 | _a2a ed. | ||
| 260 |
_aSanto Domingo : _bGente, _c2009. |
||
| 300 |
_a82 p. ; _c22 cm. |
||
| 500 | _aIncluye datos biográficos del autor. | ||
| 500 | _aIncluye referencias bibliográficas y notas al pie de las páginas. | ||
| 586 | _aPremio Nacional de Poesía Salomé Ureña de Henríquez. | ||
| 590 | _aInventariado, 2018/LP | ||
| 650 | 0 |
_aPoesía dominicana _966 |
|
| 650 | 0 |
_aLiteratura dominicana. _967 |
|
| 700 | 1 |
_aGarcía Cartagena, Manuel _ecorr. _912067 |
|
| 910 | _aValidado. Control de calidad BNPHU | ||
| 999 |
_c14291 _d14291 |
||